| Tag |
First Indicator |
Second Indicator |
Subfields |
| LEADER |
00000cam a2200000Ia 4500 |
| 001 |
in00002363045 |
| 005 |
20151108085634.0 |
| 008 |
070928s2007 maua 000 0 eng d |
| 020 |
|
|
|a 9780205580958
|
| 020 |
|
|
|a 0205580955
|
| 035 |
|
|
|a (OCoLC)ocn176890605
|
| 035 |
|
|
|a (OCoLC)176890605
|
| 040 |
|
|
|a BTCTA
|c BTCTA
|d BAKER
|d YDXCP
|d UAB
|d UtOrBLW
|
| 049 |
|
|
|a TXAM
|
| 050 |
|
4 |
|a LB1574
|b .C86 2007
|
| 100 |
1 |
|
|a Cunningham, Patricia M.
|
| 245 |
1 |
0 |
|a Making words first grade :
|b 100 hands-on lessons for phonemic awareness, phonics and spelling /
|c Patricia M. Cunningham, Dorothy P. Hall.
|
| 246 |
1 |
4 |
|a Making words 1st grade
|
| 264 |
|
1 |
|a Boston ;
|a Montreal :
|b Allyn & Bacon,
|c 2007.
|
| 300 |
|
|
|a viii, 157 pages :
|b illustrations ;
|c 28 cm.
|
| 336 |
|
|
|a text
|b txt
|2 rdacontent
|
| 337 |
|
|
|a unmediated
|b n
|2 rdamedia
|
| 338 |
|
|
|a volume
|b nc
|2 rdacarrier
|
| 650 |
|
0 |
|a English language
|x Orthography and spelling
|x Study and teaching (Elementary)
|
| 650 |
|
0 |
|a English language
|x Phonemics
|x Study and teaching (Elementary)
|
| 700 |
1 |
|
|a Hall, Dorothy P.
|
| 938 |
|
|
|a Baker and Taylor
|b BTCP
|n BK0007455393
|
| 938 |
|
|
|a Baker & Taylor
|b BKTY
|c 24.99
|d 24.99
|i 0205580955
|n 0007455393
|s active
|
| 938 |
|
|
|a YBP Library Services
|b YANK
|n 2736584
|
| 945 |
|
|
|a PromptCat
|b 343832
|
| 946 |
|
|
|a stk
|
| 947 |
|
|
|a A14836589712
|
| 994 |
|
|
|a C0
|b TXA
|
| 948 |
|
|
|a cataloged
|b h
|c 2008/3/3
|d c
|e jlanham
|f 8:08:11 am
|
| 999 |
|
|
|a MARS
|
| 999 |
f |
f |
|s d4f7c013-881d-3571-a25d-28df79942c77
|i 9cfc1bb6-b98e-3a59-bb4f-d50ce63b1247
|t 0
|
| 952 |
f |
f |
|p normal
|a Texas A&M University
|b College Station
|c Sterling C. Evans Library
|d Evans: Library Stacks
|t 0
|e LB1574 .C86 2007
|h Library of Congress classification
|i unmediated -- volume
|m A14836589712
|
| 998 |
f |
f |
|a LB1574 .C86 2007
|t 0
|l Evans: Library Stacks
|